| 000 | 00820nam a2200241 a 4500 | ||
|---|---|---|---|
| 999 |
_c10892 _d10892 |
||
| 001 | 10892 | ||
| 003 | BD-JhCC | ||
| 005 | 20200328134008.0 | ||
| 008 | 190527b2012 bg |||| ||a| 000 0 ben d | ||
| 020 | _a9847009601682 | ||
| 035 | _a(BD-JhCC)10892 | ||
| 040 |
_aBD-JhCC _dBD-JhCC |
||
| 041 | _aben | ||
| 082 |
_a891.443 _bHAR 2012 |
||
| 100 | _aহার্ডি, টমাস | ||
| 245 |
_aটমাস হার্ডির শ্রেষ্ঠ কিশোর উপন্যাস / _cটমাস হার্ডি এবং জুলফিকার নিউটন (অনু.) |
||
| 260 |
_aঢাকা, _bতাম্রলিপি; _c2012. |
||
| 300 |
_a335 p. : _c22 cm. |
||
| 650 | _aBengali Novel. | ||
| 700 | _aনিউটন,জুলফিকার | ||
| 942 |
_2ddc _cBK _06 |
||